00525nam a22001457a 450000500170000002000220001703500330003903700130007210000190008524501490010426000490025330000270030270000270032970000230035620180827143025.0 a0070590281c00.00 aB-157321, B-157314, B-157333 aDPLbENG aShee, Richmond aOracle wait interface :bA practical guide to performance diagnostics and tuning /cby Richmond Shee, Kirtikumar Deshpande and K. Gopalakrishnan aNew DelhibTata McGraw-Hill Publishingc2004 axxviii, 350p.c22 cms. aDeshpande, Kirtikumar  aGopalakrishnan, K.